000 01267nam a2200289 a 4500
001 000021530
005 20200930011345.0
008 100908s1992 mx d 000 0 spa d
020 _a9688802301
040 _aDO-SdBNP
_bspa
_cBNPHU
041 1 7 _aspa
_heng
_2Código de idiomas MARC
082 _a510.24658
_bA796m, 1992
100 1 _aArya, Jagdish C.
_944888
240 1 0 _aMathematical analysis for business, economics, and the life and social sciences.
_lEspañol
245 1 0 _aMatemáticas aplicadas a la administración, economía, ciencias biológicas y sociales /
_cJagdish C. Arya y Robien W. Lardner ; traducción Elena de Oteyza ; revisión técnica Oscar Alfredo Palmas Velasco.
250 _a3a ed.
260 _aMéxico, D. F. :
_bPrentice Hall Hispanoamericana,
_c1992.
300 _a871 p. :
_bgrafts. ;
_c23 cm.
534 _aTraducido de la tercera edición en inglés de :
_tMathematical analysis for business, economics, and the life and social sciences.
650 4 _aAnálisis matemáticos
_944889
650 4 _aMatemáticas financieras
_97099
650 4 _aEconomía matemática
_944890
700 1 _aLardner, Robin W.
_944891
700 1 _aOteyza, Elena de,
_etr.
_944892
700 1 _aPalmas Velasco, Oscar Alfredo.
_998
049 _aBNGR
999 _c21030
_d21030